| 000 | 02624cam a2200385 i 4500 | ||
|---|---|---|---|
| 001 | 14342364 | ||
| 003 | EG-ScBUE | ||
| 005 | 20240402120329.0 | ||
| 008 | 060417t2005 nyuab f b 101 0 eng d | ||
| 020 | _a9780521671262 (pbk.) | ||
| 020 | _a0521671264 (pbk.) | ||
| 035 | _a(OCoLC)ocm61702435 | ||
| 040 |
_aDLC _beng _erda _cDLC _dDLC _dEG-ScBUE |
||
| 043 |
_aa-ii--- _aa-pk--- |
||
| 082 | 0 | 4 |
_a954.04 _222 _bIND |
| 245 | 0 | 4 |
_aThe India-Pakistan conflict : _ban enduring rivalry / _cedited by T.V. Paul, McGill University. |
| 264 | 1 |
_aNew York : _bCambridge University Press, _c[2005] |
|
| 264 | 4 | _cc2005 | |
| 300 |
_axiv, 273 pages : _billustrations, maps ; _c24 cm |
||
| 336 |
_2rdacontent _atext _btxt |
||
| 337 |
_aunmediated _2rdamedia _bn |
||
| 338 |
_avolume _bnc _2rdacarrier |
||
| 500 | _aBased on presentations at a conference at McGill University, Dec. 2003. | ||
| 504 | _aIncludes bibliographical references and index. | ||
| 505 | 0 | _aCauses of the India-Pakistan enduring rivalry / T.V. Paul -- Theoretical specifications of enduring rivalries : applications to the India-Pakistan case / Paul F. Diehl, Gary Goertz, and Daniel Saeedi -- The India-Pakistan conflict in light of general theories of war, rivalry, and deterrence / John A. Vasquez -- The India-Pakistan rivalry : prospects for war, prospects for peace / Daniel S. Geller -- Realpolitik and learning in the India-Pakistan rivalry / Russell J. Leng -- Major powers and the persistence of the India-Pakistan conflict / Ashok Kapur -- Nuclear weapons and the prolongation of the India-Pakistan rivalry / Saira Khan -- National identities and the India-Pakistan conflict / Vali Nasr -- At the heart of the conflict : irredentism and Kashmir / Stephen M. Saideman -- Institutional courses of the India-Pakistan rivalry / Reeta Chowdhari Tremblay and Julian Schofield -- South Asia's embedded conflict : understanding the India-Pakistan rivalry / T.V. Paul and William Hogg. | |
| 651 | 7 |
_aIndia _xForeign relations _zPakistan _vCongresses. _2BUEsh |
|
| 651 | 7 |
_aPakistan _xForeign relations _zIndia _vCongresses. _2BUEsh |
|
| 655 | _vReading book | ||
| 700 | 1 |
_aPaul, T. V., _eeditor. |
|
| 856 | 4 | 2 |
_3Publisher description _uhttp://www.loc.gov/catdir/enhancements/fy0642/2006274380-d.html |
| 856 | 4 | 1 |
_3Table of contents only _uhttp://www.loc.gov/catdir/enhancements/fy0642/2006274380-t.html |
| 856 | 4 | 2 |
_3Contributor biographical information _uhttp://www.loc.gov/catdir/enhancements/fy0733/2006274380-b.html |
| 942 |
_2ddc _cBB |
||
| 999 |
_c11042 _d11042 |
||